• 首页
  • 本馆介绍
  • 公告通知
  • 最新文献
  • 馆藏检索
  • 电子资源
  • 读者导购
  • 参考咨询
  • 我的图书馆
  • 登录
  • 详细信息显示
  • 放入我的书架
  • 预约/预借图书
  • 作者相关作品
  • 分类相关作品
  • 丛书相关作品
  • 出版社相关作品

书目信息

  • 表格格式
  • 工作单格式
  • 卡片格式
题名:
战争论
    
 
作者: 克劳塞维茨 著 ;杨南芳 译校
分册: 上册  
出版信息: 西安   陕西人民出版社  2001
页数: 13,611页
开本: 21cm
丛书名: 影响世界历史进程的书
单 册:
中图分类: E08
科图分类:
主题词: 战争理论 , 军种--军队建设--军事理论 , 兵种--军队建设--军事理论
电子资源:
ISBN: 7-224-05447-X
000 01016oam2 2200289 45
001 2633792761
005 20260413092542.78
010    @a7-224-05447-X@dCNY43.00(全2册)
100    @a20041125d2001 ekmy0chiy0120 ea
101 1  @achi@cger
102    @aCN@b610000
105    @ay z 000yy
200 1  @a战争论@9zhan zheng lun@h上册@f(德)克劳塞维茨著@F(de)ke lao sai wei ci zhu@g杨南芳译校
210    @a西安@c陕西人民出版社@d2001
215    @a13,611页@d21cm
225 2  @a影响世界历史进程的书
330    @a本书共八篇,第一篇阐述了战争的目的和手段、战争中的阻力等关于战争理论的基本问题,以后的六篇着重论证战争中的战略和战术问题,最后第八篇对全书作了明确的概括和升华。
461  0 @12001 @a影响世界历史进程的书
606 0  @a战争理论
606 0  @a军种@x军队建设@x军事理论
606 0  @a兵种@x军队建设@x军事理论
690    @aE08@v4
701  0 @a克劳塞维茨@Ake lao sai wei ci@4著
702  0 @a杨南芳@Ayang nan fang@4译校
801  0 @aCN@bTSSF@c20050923
905    @a10447@dE08@eZW1=2:1
999    @aHSJ@eGLX
    
    战争论.上册/(德)克劳塞维茨著/杨南芳译校.-西安:陕西人民出版社,2001
    13,611页;21cm.-(影响世界历史进程的书)
    
    
    ISBN 7-224-05447-X:CNY43.00(全2册)
    本书共八篇,第一篇阐述了战争的目的和手段、战争中的阻力等关于战争理论的基本问题,以后的六篇着重论证战争中的战略和战术问题,最后第八篇对全书作了明确的概括和升华。
●
相关链接 在E读中查询图书 在五车中查询图书 在当当中查询图书 在豆瓣中查询图书


正题名:战争论     索取号:E08/ZW1=2:1         预约/预借

序号 登录号 条形码 馆藏地/架位号 状态 备注
1 0023392   200233924   密集书库-文学院/ [索取号:E08/ZW1=2:1] 在馆    
唐山师范学院图书馆 欢迎您!
大连网信软件有限公司© 版权所有